<?xml version="1.0" encoding="utf-8"?>
<?xml-stylesheet type='text/xsl' href='./oai2.xsl'?>
<OAI-PMH xmlns="http://www.openarchives.org/OAI/2.0/" xmlns:xsi="http://www.w3.org/2001/XMLSchema-instance" xsi:schemaLocation="http://www.openarchives.org/OAI/2.0/ http://www.openarchives.org/OAI/2.0/OAI-PMH.xsd">
  <responseDate>2026-05-15T21:24:09Z</responseDate>
  <request verb="GetRecord" metadataPrefix="marcxml" identifier="record_kuniweb_1110433">https://kulturerbe.niedersachsen.de/oai</request>
  <GetRecord>
    <record>
      <header>
        <identifier>record_kuniweb_1110433</identifier>
        <datestamp>2021-12-14T12:05:43Z</datestamp>
        <setSpec>slg0131</setSpec>
      </header>
      <metadata>
        <marc:record xmlns:marc="http://www.loc.gov/MARC21/slim" xsi:schemaLocation="http://www.loc.gov/MARC21/slim http://www.loc.gov/standards/marcxml/schema/MARC21slim.xsd">
          <marc:leader>12345nrm  22     uu 4500</marc:leader>
          <marc:controlfield tag="001">1110433</marc:controlfield>
          <marc:controlfield tag="003">http://kuniweb.gbv.de</marc:controlfield>
          <marc:controlfield tag="005">2017-11-23T10:55:07</marc:controlfield>
          <marc:controlfield tag="008">|           ||||||||||||||||||||||</marc:controlfield>
          <marc:datafield tag="245" ind1="1" ind2="0">
            <marc:subfield code="a">Grüne Tārā</marc:subfield>
          </marc:datafield>
          <marc:datafield tag="655" ind1=" " ind2="7">
            <marc:subfield code="a">Völkerkunde</marc:subfield>
          </marc:datafield>
          <marc:datafield tag="046" ind1=" " ind2=" ">
            <marc:subfield code="k">1800</marc:subfield>
            <marc:subfield code="k">um 1800</marc:subfield>
          </marc:datafield>
          <marc:datafield tag="260" ind1=" " ind2=" ">
            <marc:subfield code="g">1800</marc:subfield>
            <marc:subfield code="g">um 1800</marc:subfield>
          </marc:datafield>
          <marc:datafield tag="300" ind1=" " ind2=" ">
            <marc:subfield code="a">Tiefe: 7 cm
Breite: 10,4 cm
Höhe: 14,8 cm</marc:subfield>
          </marc:datafield>
          <marc:datafield tag="520" ind1=" " ind2=" ">
            <marc:subfield code="a">Der Tantrismus führte die Verehrung weiblicher Gottheiten in den Buddhismus ein. Die Grüne Tārā verkörpert das weibliche Prinzip und die göttliche Energie. Als weiblicher Bodhisattva rettet sie alle erlösungsbedürftigen Wesen aus dem Kreislauf der Wiedergeburten und hilft bei Alltagsproblemen und Gefahren. Als Schutzpatronin Tibets erfreut sich die Grüne Tārā größter Beliebtheit. Ihre halb geschlossene Sitzhaltung auf dem Lotosthron zeigt an, dass sie allzeit bereit ist zu helfen.  (Landesmuseum Hannover)

Beschrieben in:
„TABU?! : verborgene Kräfte - geheimes Wissen ; [.. erscheint anlässlich der Landesausstellung 2012 der Ethnologischen Sammlungen Niedersachsens .. im Niedersächsischen Landesmuseum Hannover, 28. September 2012 - 7. April 2013]“. Imhof, Petersberg, 2012. (S. 278 f.)</marc:subfield>
          </marc:datafield>
          <marc:datafield tag="773" ind1="0" ind2=" ">
            <marc:subfield code="t">Ethnologie</marc:subfield>
          </marc:datafield>
          <marc:datafield tag="852" ind1=" " ind2=" ">
            <marc:subfield code="a">Niedersächsisches Landesmuseum Hannover</marc:subfield>
          </marc:datafield>
          <marc:datafield tag="852" ind1=" " ind2=" ">
            <marc:subfield code="a">Tibet (Tibet)</marc:subfield>
          </marc:datafield>
          <marc:datafield tag="" ind1=" " ind2=" ">
            <marc:subfield code="a">Namensnennung 4.0 International (CC BY 4.0)</marc:subfield>
          </marc:datafield>
        </marc:record>
      </metadata>
    </record>
  </GetRecord>
</OAI-PMH>
